000 00818nam a2200253Ia 4500
003 OSt
005 20220923224624.0
006 a|||||r|||| 00| 0
007 ta
008 220922b |||||||| |||| 00| 0 hin d
024 _a247,971
037 _cTextual
040 _aARTS
_cARTS
_bhin
041 _2hin
_ahin
082 _aO15,2D35,4, 152K4
100 _aभास; गुप्त, मैथिलीशरण, अनु.
245 0 _aप्रतिमा
246 _aPratimā
260 _aझॉंसी
_b साहित्य - सदन
_c1964
300 _a155पृ.
_ccm.
650 _aसंस्कृत साहित्य
942 _hO15,2D35,4, 152K4
_cTEXL
_2CC
999 _c372571
_d372571